Housing and planning together (Record no. 117978)
[ view plain ]
| 000 -LEADER | |
|---|---|
| fixed length control field | 01319cam a2200229 4500 |
| 001 - CONTROL NUMBER | |
| control field | WB@3612-406 |
| 008 - FIXED-LENGTH DATA ELEMENTS--GENERAL INFORMATION | |
| fixed length control field | 040909n2004 000 0 eng u |
| 035 ## - SYSTEM CONTROL NUMBER | |
| System control number | (Sirsi) u127299 |
| 245 ## - TITLE STATEMENT | |
| Title | Housing and planning together |
| 260 ## - PUBLICATION, DISTRIBUTION, ETC. | |
| Date of publication, distribution, etc. | 2004 |
| 490 ## - SERIES STATEMENT | |
| Series statement | ODPM News Release |
| Volume/sequential designation | (2004/0205) 8 September 2004 (3) |
| 520 ## - SUMMARY, ETC. | |
| Summary, etc. | A 12 week consultation has been launched by the ODPM. "Housing and planning in the regions" can be viewed at: http://www.odpm.gov.uk/stellent/groups/odpm_housin g/documents/page/odpm_house_030962.hcsp and can be commented on until 30 November 2004. The government proposes to strengthen links between housing and planning strategies at regional level. It plans to do this by merging regional housing boards with regional planning bodies, to bolster its commitment to create thriving and sustainable communities in all regions. The consultation also seeks views on proposals for a new independent unit, which would provide the regions with advice to inform local decisions on housing needs. http://www.odpm.gov.uk/pns/DisplayPN.cgi?pn_id=200 4_0205 |
| 590 ## - LOCAL NOTE (RLIN) | |
| Local note | WB |
| 590 ## - LOCAL NOTE (RLIN) | |
| Local note | WB |
| 650 ## - SUBJECT ADDED ENTRY--TOPICAL TERM | |
| Topical term or geographic name entry element | Affordable housing |
| 9 (RLIN) | 6215 |
| 650 ## - SUBJECT ADDED ENTRY--TOPICAL TERM | |
| Topical term or geographic name entry element | BARKER REVIEW |
| 650 ## - SUBJECT ADDED ENTRY--TOPICAL TERM | |
| Topical term or geographic name entry element | HOUSING SUPPLY |
| 650 ## - SUBJECT ADDED ENTRY--TOPICAL TERM | |
| Topical term or geographic name entry element | PLANNING POLICY |
| 650 ## - SUBJECT ADDED ENTRY--TOPICAL TERM | |
| Topical term or geographic name entry element | EMPTY HOMES |
| 690 ## - LOCAL SUBJECT ADDED ENTRY--TOPICAL TERM (OCLC, RLIN) | |
| Topical term or geographic name as entry element | HOUSING-DEVELOPMENT |
| 942 ## - ADDED ENTRY ELEMENTS (KOHA) | |
| Suppress in OPAC | 0 |
| Withdrawn status | Lost status | Source of classification or shelving scheme | Damaged status | Not for loan | Home library | Current library | Shelving location | Date acquired | Total Checkouts | Full call number | Barcode | Date last seen | Copy number | Price effective from | Koha item type |
|---|---|---|---|---|---|---|---|---|---|---|---|---|---|---|---|
| Dewey Decimal Classification | London | London | News article | 09/09/2004 | WB403416 | 127299-1001 | 06/08/2019 | 1 | 06/08/2019 | News article |